000 00661nam a2200217 a 4500
001 3221
003 CO-ViMGA
008 141112s2004 ck r 000 u spa d
040 _aCO-ViMGA
_bspa
_cCO-ViMGA
082 0 4 _a302.23 M657
100 1 _aMontaney, Pedro
_952640
245 1 0 _a¿Cómo nos comunicamos? :
_bdel gesto a la telemática /
_cMontaney Pedro , Moyano Rafael
250 _a2a
260 _aMexico ; Alhambra,
_c1996
300 _a156 p : il
490 _aBiblioteca de recursos didácticos Alhambra
650 1 4 _aCOMUNICACION DE MASAS
650 1 4 _aCOMUNICACION EN LOS ANIMALES
_952642
650 1 4 _aMayona, Rafael
_952643
942 _2ddc
_cBK
999 _c15271
_d15271